Pre Hyzu sú prioritou európske normy

Zo 182 projektov financovaných z fondu SAPARD, ktoré boli schválené pre Slovensko najviac patrí žilinskej hydinárskej firme Hyza. Hlavný sortiment produkcie firmy Hyza. Pripravenosť slovenských hydinárskych firiem na vstup do EÚ. Prioritné investície hydinárskych podnikov na Slovensku.

Gespeichert in:
Bibliographische Detailangaben
1. Verfasser: Hudec, Marián
Format: Buchkapitel
Sprache:Slowakisch
Schlagworte:
Tags: Tag hinzufügen
Keine Tags, Fügen Sie das erste Tag hinzu!

MARC

LEADER 00000naa$a2200000$$$4500
001 0002261
005 20230925123556.9
041 0 |a slo 
044 |a SK 
245 1 0 |a Pre Hyzu sú prioritou európske normy  |c aut. Marián Hudec 
520 |a Zo 182 projektov financovaných z fondu SAPARD, ktoré boli schválené pre Slovensko najviac patrí žilinskej hydinárskej firme Hyza. Hlavný sortiment produkcie firmy Hyza. Pripravenosť slovenských hydinárskych firiem na vstup do EÚ. Prioritné investície hydinárskych podnikov na Slovensku. 
610 2 0 |a hydina 
610 2 0 |a firmy 
610 2 0 |a financovanie 
610 2 0 |a projekty 
610 2 0 |a potravinárstvo 
610 2 0 |a Hyza, a.s. Žilina 
610 2 0 |a SAPARD 
100 1 |a Hudec, Marián